Представление документа в формате MARC21

Поле Инд. ПП Название Значение
Тип записи a
Библиографический уровень m
001 Контрольный номер RU\BSPU\books\136436
005 Дата корректировки 20150513112109.0
008 Кодируемые данные 101028s2009 RU a f z 001 1 rus u
020 a ISBN 978-5-9718-0407-9
040 a Служба первич. каталог. НБ ТвГУ
d Организация, изменившая запись 65613104
041 a Код языка текста rus
044 a Код страны публикации RU
080 a Индекс УДК 796.01:616-097-02
084 a Индекс другой классификации/Индекс ББК Ч502
084 a Индекс другой классификации/Индекс ББК Ч509.1
090 a Полочн. индекс Ч502
x Авторский знак Г 12
100 1_ a Автор Гаврилова Елена Анатольевна
q Полное имя Гаврилова Е. А.
245 00 a Заглавие Стрессорный иммунодефицит у спортсменов
260 a Место издания Москва
b Издательство Советский спорт
c Дата издания 2009
300 a Объем 190, [1] с.
b Иллюстрации/ тип воспроизводства ил., табл.
504 a Библиография Библиогр.: с. 176-189 и в тексте
520 a Аннотация Монография посвящена проблеме иммунодефицита у спортсменов. Представлен обзор отечественной и зарубежной литературы, освещающей этот вопрос, приведены результаты собственных исследований. В работе предложена авторская концепция этиопатогенеза ВИД (вторичных иммунодефицитов) у спортсменов.
П оказано, что снижение иммунитета – один из важных признаков нарушения общей адаптации организма атлета к условиям спортивной деятельности. Автор знакомит с современными подходами к диагностике спортивных иммунодефицитов – от самых дешевых до дорогостоящих. Большое внимание уделено иммунокоррекции именно спортсменов и ее отличию от терапии других вторичных иммунодефицитов. Приведены примеры постановки диагноза. Для спортивных врачей, тренеров, спортсменов, научных работников в области физической культуры и спорта.
653 a Ключевые слова Врачебный контроль
a Ключевые слова Диагностика спортивных иммунодефицитов
a Ключевые слова Изменения в организме спортсменов
a Ключевые слова Иммунитет у спортсменов
a Ключевые слова Иммунодефициты у спортсменов
a Ключевые слова Медико-биологические основы физического воспитания
a Ключевые слова Профилактика иммунодефицитов
a Ключевые слова Спортивная медицина
a Ключевые слова Спортивные иммунодефициты
a Ключевые слова Стрессорный иммунодефицит
a Ключевые слова Физическая культура и спорт
856 u URL http://texts.lib.tversu.ru/texts/993831ogl.pdf
901 t Тип документа m
920 a Оператор Стру
940 a физической культуры
d спортивная медицина
952 c Вид литературы К рн
954 a Дата поступления на обработку 20120803
990 a Автор заказа (DOS) каф. теоретических основ физического воспитания
b Заказано (DOS) 5